| 000 | 01500nam a2200313 i 4500 | ||
|---|---|---|---|
| 003 | EG-GICUC | ||
| 005 | 20260121101434.0 | ||
| 008 | 251206b1989 ua ||||fr|||| 00| 0 ara d | ||
| 017 | _a1989/4908 | ||
| 020 | _a977103491X | ||
| 040 |
_a EG-GICUC _bara _c EG-GICUC _d EG-GICUC _erda |
||
| 041 | 0 | _aara | |
| 082 | 0 | 4 |
_221 _a343.33 _bع ب . د |
| 092 | 0 | 4 | _221 |
| 099 | _aLaw1 10 343.33 ع ب . د 1989 | ||
| 100 | 0 |
_aعبد الحميد الشواربي _eمؤلف. |
|
| 245 | 1 | 2 |
_aالدفوع الجنائية : _bالدفع بالإخلال بحق الدفاع - الدفع الاختصاص - الدفع بعدم جواز نظر الدعوى النسق الفصل فيا - الدفع عالم الدعوى الجمالية - الدفوع المعلقة بالاجراءات - الدفوع المتعلقة بالأعدار القانونية - الدفوع المتعلقة بالاثبات - الدفع بطلان الحكم / _cعبد الحميد الشواربي. |
| 264 | 1 |
_aالإسكندرية : _bمنشأة المعارف، _c1989. |
|
| 300 |
_a1034 صفحة ؛ _c24 سم. |
||
| 336 |
_2rda content _atext |
||
| 337 |
_2rda media _aComputer |
||
| 338 |
_2rda carrier _aOnline Resource |
||
| 546 | _aالنص باللغة العربية | ||
| 650 | 1 | 4 | _aالدعوى الجنائية = الدعوى العمومية |
| 650 | 1 | 4 | _aالقانون الجنائي |
| 856 | 4 | 0 | _uhttps://fll.law.cu.edu.eg/fulltext/bks/B10-05427.pdf |
| 905 |
_a77 _eHassnaa |
||
| 942 |
_2ddc _cBK _e21 _n0 |
||
| 999 |
_c48623 _d48623 |
||